Metáforas de la vida cotidiana.

محفوظ في:
التفاصيل البيبلوغرافية
المؤلف الرئيسي: Lakoff, George (autor)
التنسيق: كتاب
اللغة:الإسبانية
منشور في: Madrid, España: Cátedra, 1991.
سلاسل:Colección Teorema.
الموضوعات:
الوسوم: إضافة وسم
لا توجد وسوم, كن أول من يضع وسما على هذه التسجيلة!

MARC

LEADER 00000nam a2200000 a 4500
001 UCY3520
003 CL-VaPUC
005 20230808124430.0
008 950103e19910000SP |||||||||||||||||spa|d
999 |c 231629  |d 231627 
040 |c Pontificia Universidad Católica de Valparaíso 
082 0 4 |a 401 LAK 1991   |2 21 
100 |a Lakoff, George  |e autor  |9 601453 
245 1 0 |a Metáforas de la vida cotidiana.  
260 |a Madrid, España:  |b Cátedra,  |c 1991. 
300 |a 286 páginas.  
490 0 |a Colección Teorema. 
583 |a last modification  |c 19950103 00:00:00  |k Rodrigo Vera 
650 0 |a Lingüística  |9 265068 
650 7 |a METAFORA  |2 CL-VaPUC  |9 331834 
942 |c BK  |2 ddc 
945 |d 19950103 00:00:00  |a rbrito 
952 |0 0  |1 0  |2 ddc  |4 0  |6 401_000000000000000_LAK_1991  |7 0  |8 A  |9 235063  |a BIBCUR  |b BIBCUR  |d 2019-11-15  |i 3047350  |o 401 LAK 1991  |p 3047350  |r 2025-04-22  |w 2019-11-15  |y BK  |k PER